[Event "FRA-ch Blitz Online Qual"]
[Site "Europe Echecs INT"]
[Date "2020.05.16"]
[Round "7"]
[White "Bailly, Thierry"]
[Black "Mecili, Nabil"]
[Result "1-0"]
[WhiteElo "1989"]
[BlackElo "1688"]
[PlyCount "75"]
[EventDate "2020.05.16"]
[EventType "swiss (blitz)"]
[EventRounds "15"]
[EventCountry "FRA"]
[SourceTitle "CBM 196 Extra"]
[Source "ChessBase"]
[SourceDate "2020.07.31"]
[SourceVersion "1"]
[SourceVersionDate "2020.07.31"]
[SourceQuality "1"]

1. e4 d6 2. Nf3 Nf6 3. Nc3 g6 4. d4 Bg7 5. Bd3 0-0 6. 0-0 c6 7. Re1 b5 8. a3 a5 9. h3 Na6 10. Bf4 b4 11. axb4 Nxb4 12. Qd2 c5 13. e5 dxe5 14. dxe5 Nh5 15. Be3 c4 16. Be4 Qxd2 17. Bxd2 Rb8 18. g4 f5 19. exf6 Nxf6 20. Bf4 Rb6 21. Bc7 Nxe4 22. Rxe4 Rc6 23. Bxa5 Nxc2 24. Rc1 Rxf3 25. Rxc2 Bxc3 26. Bxc3 e6 27. Rd2 Kf7 28. Rd8 Rxh3 29. Kg2 Rxc3 30. bxc3 Ke7 31. Rh8 Bd7 32. Rxh7+ Kd6 33. Rd4+ Ke5 34. Rhxd7 Ra6 35. f4+ Kf6 36. g5+ Kf5 37. Kf3 Ra3 38. Rf7# 1-0